000 00698nam a2200253Ia 4500
003 0100
008 130303s9999 xx 000 0 und d
020 _a0887068219
040 _cARRUPELIB
050 _aBF710.K53 1988
100 _aKiefer, Christie W
245 4 _aThe mantle of maturity
245 _ba history of ideas about character development
260 _aAlbany
260 _bState University of New York Press
260 _C1988
300 _axii
300 _b 243p. 24cm.
440 _aSUNY series in medical anthropology
650 _aPSYCHOLOGY
650 _bPhilosophy and science--History--18th century
650 _cAntimony--History--18th century
942 0 0 _02
999 _c8792
_d8792